• 首页
  • 本馆介绍
  • 公告通知
  • 最新文献
  • 馆藏检索
  • 电子资源
  • 读者导购
  • 参考咨询
  • 我的图书馆
  • 登录
  • 详细信息显示
  • 放入我的书架
  • 预约/预借图书
  • 作者相关作品
  • 分类相关作品
  • 丛书相关作品
  • 出版社相关作品

书目信息

  • 表格格式
  • 工作单格式
  • 卡片格式
题名:
黑洞系统的吸积与喷流
    
 
作者: 汪定雄 编著
分册:  
出版信息: 北京   科学出版社  2018.01
页数: 217页
开本: 24cm
丛书名: 21世纪理论物理及其交叉学科前沿丛书
单 册:
中图分类: P145.8
科图分类:
主题词: 黑洞--研究
电子资源:
ISBN: 978-7-03-056029-2
000 01003oam2 2200253 450
001 4345
005 20181011102900.19
010    @a978-7-03-056029-2@dCNY98.00
100    @a20180913d2018 em y0chiy50 ea
101 0  @achi
102    @aCN@b110000
105    @aa z 001yy
200 1  @a黑洞系统的吸积与喷流@9hei dong xi tong de xi ji yu pen liu@f汪定雄编著
210    @a北京@c科学出版社@d2018.01
215    @a217页@c图@d24cm
225 1  @a21世纪理论物理及其交叉学科前沿丛书@f孙昌璞主编
300    @a国家自然科学基金理论物理专款资助
330    @a本书系统介绍了黑洞天体物理、吸积盘理论以及几种主要的大尺度磁场提能机制,并结合作者多年来的研究工作详细介绍了吸积与喷流模型在解释黑洞双星、活动星系核、γ射线暴、潮汐粉碎现象等高能天体物理观测中的应用,并对有关问题作了专题讨论。
461  0 @12001 @a21世纪理论物理及其交叉学科前沿丛书
606 0  @a黑洞@x研究
690    @aP145.8@v5
701  0 @a汪定雄@9wang ding xiong@f(1946-)@4编著
801  0 @aCN@b91MARC@c20180913
905    @aMuseLib@dP145.8@e276
    
    黑洞系统的吸积与喷流/汪定雄编著.-北京:科学出版社,2018.01
    217页:图;24cm.-(21世纪理论物理及其交叉学科前沿丛书/孙昌璞主编)
    国家自然科学基金理论物理专款资助
    
    ISBN 978-7-03-056029-2:CNY98.00
    本书系统介绍了黑洞天体物理、吸积盘理论以及几种主要的大尺度磁场提能机制,并结合作者多年来的研究工作详细介绍了吸积与喷流模型在解释黑洞双星、活动星系核、γ射线暴、潮汐粉碎现象等高能天体物理观测中的应用,并对有关问题作了专题讨论。
●
相关链接 在E读中查询图书 在五车中查询图书 在当当中查询图书 在豆瓣中查询图书


正题名:黑洞系统的吸积与喷流     索取号:P145.8/276         预约/预借

序号 登录号 条形码 馆藏地/架位号 状态 备注
1 1124716   211247168   第二样本阅览室/ [索取号:P145.8/276] 在馆    
2 1124717   211247177   第三借阅区/ [索取号:P145.8/276] 在馆    
3 1124718   211247186   第三借阅区/ [索取号:P145.8/276] 在馆    
4 1124719   211247195   第三借阅区/ [索取号:P145.8/276] 在馆    
5 1124720   211247202   密集书库-物理学院/ [索取号:P145.8/276] 在馆    
唐山师范学院图书馆 欢迎您!
大连网信软件有限公司© 版权所有